000 00500cam a22002051 4500
001 sa 64004079
003 DLC
005 20260227112022.0
008 920204s1962 ii 000 0 kano
010 _asa 64004079
035 _a(OCoLC)25214500
040 _aDLC
_cWaU
_dDLC
042 _apremarc
050 0 0 _aPL4659.R35
_bA79
100 0 _aŚrīraṅga,
_d1904-1984.
245 1 0 _aAmr̥taraṅga.
260 _c[1961, i.e 1962]
300 _axix, iv, 248 p.
_c19 cm.
500 _aIn Kannada.
999 _c58301
_d58301